ARRUPE JESUIT UNIVERSITY

CORONAVIRUS -STOP THE SPREAD - CLEAN,DISINFECT,COVER

Milton: Paradise Lost; (Record no. 129671)

MARC details
000 -LEADER
fixed length control field 00867nam a2200277 4500
001 - CONTROL NUMBER
control field 1256888
003 - CONTROL NUMBER IDENTIFIER
control field ARRUPE
005 - DATE AND TIME OF LATEST TRANSACTION
control field 20190603111037.0
008 - FIXED-LENGTH DATA ELEMENTS--GENERAL INFORMATION
fixed length control field 731130s1973 enk b 001 0 eng
010 ## - LIBRARY OF CONGRESS CONTROL NUMBER
LC control number 73176564
015 ## - NATIONAL BIBLIOGRAPHY NUMBER
National bibliography number GB***
020 ## - INTERNATIONAL STANDARD BOOK NUMBER
International Standard Book Number 0333138414
-- 0333138422 (pbk.)
040 ## - CATALOGING SOURCE
Original cataloging agency DLC
Transcribing agency DLC
Modifying agency DLC
050 00 - LIBRARY OF CONGRESS CALL NUMBER
Classification number PR3562
Item number .F585
082 00 - DEWEY DECIMAL CLASSIFICATION NUMBER
Classification number 821/.4
300 ## - PHYSICAL DESCRIPTION
Dimensions 21 cm.
100 ## - MAIN ENTRY--PERSONAL NAME
Personal name Flannagan, Roy C.
9 (RLIN) 46575
245 00 - TITLE STATEMENT
Title Milton: Paradise Lost;
Statement of responsibility, etc Roy C. Flannagan
250 ## - EDITION STATEMENT
Edition statement New edition
260 ## - PUBLICATION, DISTRIBUTION, ETC. (IMPRINT)
Place of publication, distribution, etc Nebraska
Name of publisher, distributor, etc Cliffs Notes Incorporated
Date of publication, distribution, etc 1970
300 ## - PHYSICAL DESCRIPTION
Extent 83 p. ;
350 ## - PRICE (NR) (BK AM CF MU VM SE) [OBSOLETE]
Price £2.25
504 ## - BIBLIOGRAPHY, ETC. NOTE
Bibliography, etc Bibliography: p. [243]-245.
600 10 - SUBJECT ADDED ENTRY--PERSONAL NAME
Personal name Milton, John,
Dates associated with a name 1608-1674.
Title of a work Paradise lost.
9 (RLIN) 37541
906 ## - LOCAL DATA ELEMENT F, LDF (RLIN)
a 7
b cbc
c orignew
d 3
e ncip
f 19
g y-gencatlg
942 ## - ADDED ENTRY ELEMENTS (KOHA)
Source of classification or shelving scheme Library of Congress Classification
Koha item type Monograph ( Printed materials)

No items available.

 

Arrupe Library. PO Box MP320 Mt Pleasant, Harare, Zimbabwe
263 242 745411|librarian@aju.ac.zw